Manželstvo, rozvod, narodenie dieťaťa - ich vplyv na výpočet daňovej povinnosti FO
Pri výpočte daňovej povinnosti za rok 2014 si FO môže uplatniť štyri odpočítateľné položky, a to na daňovníka, na manželku, dobrovoľné príspevky na starobné dôchodkové sporenie alebo príspevky na doplnkové dôchodkové sporenie. Daňový bonus pri narodení dieťaťa.
Salvato in:
| Autore principale: | |
|---|---|
| Natura: | Capitolo di libro |
| Lingua: | slovacco |
| Soggetti: | |
| Tags: |
Nessun Tag, puoi essere il primo ad aggiungerne!!
|
MARC
| LEADER | 00000nla a2200000 4500 | ||
|---|---|---|---|
| 001 | 0185714 | ||
| 005 | 20240502073159.3 | ||
| 041 | 0 | |a slo | |
| 044 | |a SK | ||
| 245 | 1 | 0 | |a Manželstvo, rozvod, narodenie dieťaťa - ich vplyv na výpočet daňovej povinnosti FO |c Marcela Rabatinová |
| 520 | |a Pri výpočte daňovej povinnosti za rok 2014 si FO môže uplatniť štyri odpočítateľné položky, a to na daňovníka, na manželku, dobrovoľné príspevky na starobné dôchodkové sporenie alebo príspevky na doplnkové dôchodkové sporenie. Daňový bonus pri narodení dieťaťa. | ||
| 610 | 2 | 0 | |a osoby fyzické |
| 610 | 2 | 0 | |a povinnosť daňová |
| 610 | 2 | 0 | |a rodina |
| 610 | 2 | 0 | |a deti |
| 100 | 1 | |a Rabatinová, Marcela, 1977- | |